|
|
|
|
| LEADER |
00726nam a22001817a 4500 |
| 008 |
140607b xxu||||| |||| 00| 0 eng d |
| 020 |
|
|
|a 9788125040545
|
| 082 |
|
|
|a 305.56880954 AHM
|
| 245 |
|
|
|a Dalit Assertion in society, literature and history /
|c edited by Imtiaz Ahmad, Shashi Bhushan Upadhyay
|
| 250 |
|
|
|a 1st ed.
|b Reprint.
|
| 260 |
|
|
|a New Delhi :
|b Orient Blackswan Private Limited,
|c 2010.(2012)
|
| 300 |
|
|
|a 320p.
|
| 650 |
|
|
|a Dalits and Society
|
| 700 |
|
|
|a Ahmad, Imtiaz
|e editor
|
| 700 |
|
|
|a Upadhyay, Shashi Bhushan
|
| 942 |
|
|
|2 ddc
|c BK
|
| 999 |
|
|
|c 7059
|d 7059
|
| 952 |
|
|
|0 0
|1 0
|2 ddc
|4 0
|6 305_568809540000000_AHM
|7 0
|9 10010
|a MAIN
|b MAIN
|d 2014-06-07
|e TBS
|g 795.00
|l 2
|o 305.56880954 AHM
|p 10075
|r 2017-05-11
|s 2016-08-18
|w 2014-06-07
|y BK
|